| 000 | 00836nam a2200253 i 4500 | ||
|---|---|---|---|
| 001 | 183089 | ||
| 003 | ES-MaACL | ||
| 005 | 20251015183915.0 | ||
| 008 | 140115s1998 mx |||| | spa d | ||
| 020 | _a968-23-1006-7 | ||
| 100 | 1 |
_aSharon, Douglas. _9154203 |
|
| 245 | 1 | 3 |
_aEl chamán de los cuatro vientos / _cpor Douglas Sharon. |
| 250 | _a3ª ed. en español. | ||
| 260 |
_aMéxico : _bSiglo Veintiuno, _c1998. |
||
| 300 |
_a256 p., [8] p. de lám. : _bil. ; _c21 cm. |
||
| 490 | 1 | _aAntropología | |
| 504 | _aBibliografía: p. 244-256. | ||
| 600 | 1 | 7 |
_aCalderón Palomino, Eduardo, _d1930- _2 _9154204 |
| 650 | 4 |
_aMedicina popular- _zPerú. _9154205 |
|
| 650 | 4 |
_aChamanismo- _zPerú. _9154206 |
|
| 830 | 1 |
_aAntropología _9182635 |
|
| 852 |
_aES-MaACL _jL-29909 _z- Donat. Miguel A. Velasco |
||
| 999 |
_c183089 _d183089 |
||